Rasa : (Record no. 586554)

MARC details
000 -LEADER
fixed length control field 00471nam a2200193 a 4500
008 - FIXED-LENGTH DATA ELEMENTS--GENERAL INFORMATION
fixed length control field 250911s2004##################000#0#eng##
020 ## - INTERNATIONAL STANDARD BOOK NUMBER
ISBN 9780231131452
082 04 - DEWEY DECIMAL CLASSIFICATION NUMBER
Classification number 791.0954
Item number SCH
100 1# - MAIN ENTRY--AUTHOR NAME
Personal name Schwartz, Susan L.,
245 10 - TITLE STATEMENT
Title Rasa :
260 ## - PUBLICATION, DISTRIBUTION, ETC. (IMPRINT)
Name of publisher Columbia University Press,
Year of publication 2004.
300 ## - PHYSICAL DESCRIPTION
Number of Pages 138 pages
650 #0 - SUBJECT ADDED ENTRY--TOPICAL TERM
Topical Term Social Science.
942 ## - ADDED ENTRY ELEMENTS (KOHA)
Koha item type English Books
Holdings
Withdrawn status Lost status Damaged status Not for loan Home library Current library Shelving location Date acquired Full call number Accession Number Price effective from Koha item type
        Anna Centenary Library Anna Centenary Library 6TH FLOOR, B WING 11.09.2025 791.0954 SCH 167261 11.09.2025 English Books

Find us on the map